000 00622nam a22001817a 4500
005 20251108164211.0
008 250721s1989 xx 000 0 ara d
082 1 4 _a071.56/روو
100 1 _aروو، وليم ايه
245 1 0 _aالصحافة العربية :
_bالإعلام الإخباري و عجلة السياسة في العالم العربي /
264 1 _aعمان :
_bمركز الكتب الاردني،
_c1989.
300 _a277ص
650 1 7 _aالصحافة
650 1 7 _aالبلدان العربية
700 1 _aالكيلاني، موسى
_eترجمة
942 _2ddc
_cBK
999 _c6208
_d6208